00395nam a2200133Ia 450000500170000000800410001702000180005808200240007610000190010024500870011926000320020630000140023844000090025220241106090542.0240126s9999 xx 000 0 und d a9780198837435 a330.019 DHA.2;1 R aDhami, Sanjit. 4aThe foundations of behavioral economic analysis Vol.2 : other-regarding preference bOxford UniversityaUKc2019 axxii, 314 aNULL